000
00306nam a2200133Ia 4500
005
20251222175939.0
008
251222s9999||||xx |||||||||||||| ||spa||
020
_a
8497646320
082
_a
843.01/E24
245
0
_a
Relatos Románticos
250
_a
1ra.ed.
264
_b
Edimat Libros,S.A.
942
_c
LIB
999
_c
41318
_d
41318